Prioritization delegation assignment : (Record no. 355918)
[ view plain ]
| 000 -LEADER | |
|---|---|
| fixed length control field | 00352nam a2200109Ia 4500 |
| 008 - FIXED-LENGTH DATA ELEMENTS--GENERAL INFORMATION | |
| fixed length control field | 180219s9999 xx 000 0 und d |
| 020 ## - INTERNATIONAL STANDARD BOOK NUMBER | |
| International Standard Book Number | 9780323044073 |
| 100 ## - MAIN ENTRY--PERSONAL NAME | |
| Personal name | LaCharity, Linda A. |
| 245 ## - TITLE STATEMENT | |
| Title | Prioritization delegation assignment : |
| Remainder of title | practice exercise for medical-surgical nursing |
| 260 ## - PUBLICATION, DISTRIBUTION, ETC. (IMPRINT) | |
| Place of publication, distribution, etc | USA : |
| Name of publisher, distributor, etc | Mosby elsevier |
| Date of publication, distribution, etc | 2006 |
| 300 ## - PHYSICAL DESCRIPTION | |
| Extent | v, 212 pages |
| Withdrawn status | Lost status | Damaged status | Home library | Current library | Shelving location | Date acquired | Source of acquisition | Total Checkouts | Full call number | Barcode | Date last seen | Price effective from | Koha item type |
|---|---|---|---|---|---|---|---|---|---|---|---|---|---|
| College Library | College Library | General Circulation Section | 02/19/2018 | RT 41 .L133 2006 | c21191 | 05/15/2018 | 02/19/2018 | Books |